• 首页
  • 本馆介绍
  • 公告通知
  • 最新文献
  • 馆藏检索
  • 电子资源
  • 读者导购
  • 参考咨询
  • 我的图书馆
  • 登录
  • 详细信息显示
  • 放入我的书架
  • 预约/预借图书
  • 作者相关作品
  • 分类相关作品
  • 丛书相关作品
  • 出版社相关作品

书目信息

  • 表格格式
  • 工作单格式
  • 卡片格式
题名:
钢琴流行曲集
    
 
作者: 周飞 编配
分册:  
出版信息: 北京   蓝天出版社  2004
页数: 115页
开本: 29cm
丛书名: 流行在线
单 册:
中图分类: J647.41
科图分类:
主题词: 流行歌曲--钢琴--改编曲--中国--选集
电子资源:
ISBN: 7-80158-409-0
000 01112nam0 2200349 450
000 01075nam0 2200337 450
000 01038nam0 2200325 450
000 01002nam0 2200313 450
000 01000nam0 2200325 450
000 00946nam0 2200301 450
000 00942nam0 2200289 450
000 00905nam0 2200277 45
001 TS-060006
005 20070123144844.65
010    @a7-80158-409-0@dCNY22.00
100    @a20060829d2004 em y0chiy0110 ea
101 0  @achi
102    @aCN@b110000
105    @ag z 000yy
200 1  @a钢琴流行曲集@Agang qin liu xing qu ji@e流行在线@ELiu Xing Zai Xian@f周飞编配@FZhou Fei Bian Pei
210    @a北京@c蓝天出版社@d2004
215    @a115页@d29cm@e光盘1片
225    @a流行在线
307    @a附光盘 ISRC CN-X33-03-0003-0
410    @12001 @a流行在线
606 0  @a流行歌曲@x钢琴@x改编曲@y中国@x选集
690    @aJ647.41@v4
701  0 @a周飞@Azhou fei@c(音乐)@4编配
801  0 @aCN@b中图数据@c20070123
905    @a10447@dJ647.41@e109
    
    钢琴流行曲集:流行在线/周飞编配.-北京:蓝天出版社,2004
    115页;29cm+光盘1片.-(流行在线)
    
    
    ISBN 7-80158-409-0:CNY22.00
    
●
相关链接 在E读中查询图书 在五车中查询图书 在当当中查询图书 在豆瓣中查询图书


正题名:钢琴流行曲集     索取号:J647.41/109         预约/预借

序号 登录号 条形码 馆藏地/架位号 状态 备注
1 0604797   206047972   第一样本阅览室/ [索取号:J647.41/109] 在馆    
2 0604799   206047990   第一借阅区/ [索取号:J647.41/109] 在馆    
唐山师范学院图书馆 欢迎您!
大连网信软件有限公司© 版权所有